000 00327nam a2200145Ia 4500
999 _c14318
_d14318
003 OSt
005 20260317150156.0
008 260210s9999 xx 000 0 und d
020 _a9780070546639
082 _a690.09
100 _a Gosta E. Sandstrom
245 0 _aMan The Builder
260 _bMcGraw-Hill
942 _cUG
_2ddc